000 00845nam a2200253Ia 4500
003 OSt
005 20220923211406.0
006 a|||||r|||| 00| 0
007 ta
008 220922b |||||||| |||| 00| 0 hin d
020 _a9788189859770 (hbk)
_c120
024 _a237,602
037 _b419, 24/03/2009, Swaraj Prakashan
_cTextual
040 _aARTS
_cARTS
_bhin
041 _2hin
_ahin
082 _aO152,3N32x, P8
100 _aकमलेश्वर
_9156277
245 0 _aखोयी हुई दिशाएॅं
246 _aKhoyī huī dishāeॅan
260 _aनयी दिल्ली
_b किताबघर प्रकाशन
_c2008
300 _a146पृ.
_ccm.
942 _hO152,3N32x, P8
_cTEXL
_2CC
999 _c299029
_d299029